MARC

LEADER 00000nam0a2200000 4500
001 332044
005 20231102004422.0
035 |a (RuTPU)RU\TPU\book\357943 
035 |a RU\TPU\book\357942 
090 |a 332044 
100 |a 20170515d1978 k y0rusy50 ca 
101 0 |a rus 
102 |a RU 
105 |a a z 001zy 
200 1 |a Техника и технология бурения геологоразведочных скважин снарядами со съемными керноприемниками  |e сборник научных трудов  |f Всесоюзный научно-исследовательский институт методики и техники разведки (ВИТР) ; науч. ред. А. Н. Ягодин ; А. В. Марамзин 
210 |a Ленинград  |c Изд-во ВИТР  |d 1978 
215 |a 45, 2 с.  |c ил. 
225 1 |a Методика и техника разведки  |v № 124 
320 |a Библиогр. в конце работ 
606 1 |a Геологоразведочные скважины  |x Бурение  |2 stltpush  |3 (RuTPU)RU\TPU\subj\67782  |9 83448 
610 1 |a техника 
610 1 |a технология 
610 1 |a буровые снаряды 
610 1 |a керноприемники 
610 1 |a алмазное бурение 
610 1 |a промывочные жидкости 
610 1 |a полимерные растворы 
610 1 |a бурильные трубы 
610 1 |a расходомеры 
610 1 |a круговые кольца 
675 |a 550.822.7:622.24  |v 4 
702 1 |a Ягодин  |b А. Н.  |4 340 
702 1 |a Марамзин  |b А. В.  |4 340 
712 0 2 |a Всесоюзный научно-исследовательский институт методики и техники разведки (ВИТР)  |2 stltpush  |3 (RuTPU)RU\TPU\col\6027 
801 1 |a RU  |b 63413507  |c 20170515 
801 2 |a RU  |b 63413507  |c 20170621  |g RCR 
942 |c BK